Sports Quiz

Random Sports or MLB Quiz

Pirates Opening Day Starting Infielders Quiz Stats

 Plays Quiz not verified by Sporcle

Challenge
Share
Tweet
Embed
Score 0/236 Timer 14:00
0 Plays Today
Hint Answer % Correct
1975Willie Stargell
94.5%
1976Willie Stargell
94.5%
1977Willie Stargell
94.5%
1978Willie Stargell
94.5%
1979Willie Stargell
94.5%
1980Willie Stargell
94.5%
1960Bill Mazeroski
93.3%
1961Bill Mazeroski
93.3%
1962Bill Mazeroski
93.3%
1963Bill Mazeroski
93.3%
1964Bill Mazeroski
93.3%
1966Bill Mazeroski
93.3%
1967Bill Mazeroski
93.3%
1968Bill Mazeroski
93.3%
1969Bill Mazeroski
93.3%
1970Bill Mazeroski
93.3%
1971Bill Mazeroski
93.3%
2018Josh Bell
92.1%
2017Josh Bell
91.6%
2001Jack Wilson
83.4%
2003Jack Wilson
83.4%
2004Jack Wilson
83.4%
2005Jack Wilson
83.4%
2006Jack Wilson
83.4%
2007Jack Wilson
83.4%
2008Jack Wilson
83.4%
2009Jack Wilson
83.4%
2017Josh Harrison
83.2%
1989Jay Bell
81.8%
1990Jay Bell
81.8%
1991Jay Bell
81.8%
1992Jay Bell
81.8%
1993Jay Bell
81.8%
1994Jay Bell
81.8%
1995Jay Bell
81.8%
1996Jay Bell
81.8%
2018Josh Harrison
81.6%
1980Bill Madlock
79.8%
1981Bill Madlock
79.8%
1982Bill Madlock
79.8%
1983Bill Madlock
79.8%
1984Bill Madlock
79.8%
1985Bill Madlock
79.8%
2012Garrett Jones
79.1%
2018Jordy Mercer
78.9%
1960Dick Groat
78.7%
1961Dick Groat
78.7%
1962Dick Groat
78.7%
2011Pedro Alvarez
78.3%
2012Pedro Alvarez
78.3%
2013Pedro Alvarez
78.3%
2014Pedro Alvarez
78.3%
2015Pedro Alvarez
78.3%
1988Bobby Bonilla
77.1%
1989Bobby Bonilla
77.1%
1969Richie Hebner
76.7%
1970Richie Hebner
76.7%
1971Richie Hebner
76.7%
1972Richie Hebner
76.7%
1973Richie Hebner
76.7%
1974Richie Hebner
76.7%
1975Richie Hebner
76.7%
1976Richie Hebner
76.7%
1972Rennie Stennett
76.3%
1973Rennie Stennett
76.3%
1974Rennie Stennett
76.3%
1975Rennie Stennett
76.3%
1976Rennie Stennett
76.3%
1977Rennie Stennett
76.3%
1978Rennie Stennett
76.3%
1979Rennie Stennett
76.3%
2011Neil Walker
75.5%
2012Neil Walker
75.5%
2013Neil Walker
75.5%
2014Neil Walker
75.5%
2015Neil Walker
75.5%
2015Josh Harrison
75.5%
2016Josh Harrison
75.5%
1969Bob Robertson
75.1%
Hint Answer % Correct
1971Bob Robertson
75.1%
1972Bob Robertson
75.1%
1973Bob Robertson
75.1%
2008Freddy Sanchez
75.1%
2009Freddy Sanchez
75.1%
2013Gaby Sanchez
74.7%
2017Jordy Mercer
73.8%
1986Sid Bream
73.5%
1987Sid Bream
73.5%
1989Sid Bream
73.5%
1990Sid Bream
73.5%
1991Jeff King
73.5%
1993Jeff King
73.5%
1994Jeff King
73.5%
1995Jeff King
73.5%
1996Jeff King
73.5%
1993Kevin Young
72.3%
1998Kevin Young
72.3%
1999Kevin Young
72.3%
2000Kevin Young
72.3%
2001Kevin Young
72.3%
2002Kevin Young
72.3%
2017David Freese
72%
1981Jason Thompson
71.9%
1982Jason Thompson
71.9%
1983Jason Thompson
71.9%
1984Jason Thompson
71.9%
1985Jason Thompson
71.9%
2000Aramis Ramirez
71.9%
2001Aramis Ramirez
71.9%
2002Aramis Ramirez
71.9%
2003Aramis Ramirez
71.9%
1971Jackie Hernandez
71.5%
1972Jackie Hernandez
71.5%
1977Phil Garner
68.8%
1979Phil Garner
68.8%
1980Phil Garner
68.8%
1988Jose Lind
68.8%
1989Jose Lind
68.8%
1990Jose Lind
68.8%
1991Jose Lind
68.8%
1992Jose Lind
68.8%
1997Mark Johnson
68.8%
1980Tim Foli
68%
1981Tim Foli
68%
1985Tim Foli
68%
1982Johnny Ray
67.6%
1983Johnny Ray
67.6%
1984Johnny Ray
67.6%
1985Johnny Ray
67.6%
1986Johnny Ray
67.6%
1987Johnny Ray
67.6%
1975Frank Taveras
66.8%
1976Frank Taveras
66.8%
1977Frank Taveras
66.8%
1978Frank Taveras
66.8%
1979Frank Taveras
66.8%
1970Al Oliver
64%
1960Dick Stuart
62.8%
1962Dick Stuart
62.8%
2014Jordy Mercer
62.8%
2015Jordy Mercer
62.8%
2016Jordy Mercer
62.8%
2007Adam LaRoche
60.5%
2008Adam LaRoche
60.5%
2009Adam LaRoche
60.5%
2009Andy LaRoche
60.5%
2010Andy LaRoche
60.5%
1965Gene Alley
60.1%
1966Gene Alley
60.1%
1967Gene Alley
60.1%
1968Gene Alley
60.1%
1970Gene Alley
60.1%
1973Gene Alley
60.1%
2016David Freese
58.5%
1963Donn Clendenon
55.7%
1964Donn Clendenon
55.7%
1965Donn Clendenon
55.7%
1966Donn Clendenon
55.7%
Hint Answer % Correct
1967Donn Clendenon
55.7%
1968Donn Clendenon
55.7%
1960Don Hoak
54.2%
1961Don Hoak
54.2%
1962Don Hoak
54.2%
1992Orlando Merced
53.4%
1981Dale Berra
52.6%
1982Dale Berra
52.6%
1983Dale Berra
52.6%
1984Dale Berra
52.6%
1999Warren Morris
51.8%
1974Dave Parker
50.6%
1993Carlos Garcia
49%
1994Carlos Garcia
49%
1995Carlos Garcia
49%
1996Carlos Garcia
49%
1998Freddy Garcia
49%
1978Fernando Gonzalez
48.6%
2016John Jaso
47.4%
2018Colin Moran
44.7%
1986Jim Morrison
43.1%
1987Jim Morrison
43.1%
2007Jose Bautista
42.3%
2008Jose Bautista
42.3%
2012Clint Barmes
41.9%
2013Clint Barmes
41.9%
1997Joe Randa
41.5%
2006Joe Randa
41.5%
2004Bobby Hill
41.1%
1967Maury Wills
40.3%
1968Maury Wills
40.3%
1997Tony Womack
40.3%
1998Tony Womack
40.3%
2010Ronny Cedeno
40.3%
2011Ronny Cedeno
40.3%
1987Rafael Belliard
38.7%
1991Gary Redus
37.9%
2005Jose Castillo
37.9%
2006Jose Castillo
37.9%
2007Jose Castillo
37.9%
2010Jeff Clement
35.2%
1969Freddie Patek
34.8%
1986Sam Khalifa
34.8%
2002Pokey Reese
34.4%
2003Pokey Reese
34.4%
1992Steve Buechele
33.6%
1963Bob Bailey
32.8%
1964Bob Bailey
32.8%
1965Bob Bailey
32.8%
1966Bob Bailey
32.8%
2003Randall Simon
32.8%
2004Randall Simon
32.8%
1974Dal Maxvill
31.2%
1996Charlie Hayes
29.6%
2000Pat Meares
29.2%
2001Pat Meares
29.2%
1999Ed Sprague
28.5%
2006Sean Casey
28.5%
2011Lyle Overbay
28.1%
1997Kevin Elster
26.9%
1990Wally Backman
26.5%
1994Brian Hunter
26.5%
1963Dick Schofield
26.1%
1964Dick Schofield
26.1%
1965Dick Schofield
26.1%
1999Mike Benjamin
26.1%
2000Mike Benjamin
26.1%
2002Mike Benjamin
26.1%
1988Al Pedrique
25.7%
1961Rocky Nelson
25.3%
2014Travis Ishikawa
24.9%
2010Akinori Iwamura
23.3%
2005Daryle Ward
22.5%
1995Rich Aude
20.2%
2005Ty Wigginton
20.2%
2004Chris Stynes
18.2%
1998Lou Collier
17.4%
1988Randy Milligan
17%

You're not logged in!

Compare scores with friends on all Sporcle quizzes.
OR
Log In

You Might Also Like...

Show Comments

Extras

Top Quizzes Today


Score Distribution

Your Account Isn't Verified!

In order to create a playlist on Sporcle, you need to verify the email address you used during registration. Go to your Sporcle Settings to finish the process.

Report this User

Report this user for behavior that violates our Community Guidelines.

Details: